000 01076nam a22001817a 4500
999 _c63344
_d63344
003 Ge_BSU
005 20250922194411.0
008 250922s2001 ge ||||| |||| 00| 0 geo d
041 _ageo
080 _a347(479.22)(094.072) ს-32
245 _aსაქართველოს სამოქალაქო კოდექსის კომენტარი :
_b[5 წიგნად]. წ. 3, ვალდებულებითი სამართალი. ზოგადი ნაწილი /
_c[სარედ. კოლ.: ლადო ჭანტურია (მთ. რედ.) და სხვ.]
264 _aთბილისი :
_bსამართალი,
_c 2001.
300 _a604 გვ.;
_b20 სმ.
653 _aსაქართველოს სამოქალაქო კოდექსი
653 _aსაქართველოს ვალდებულებითი სამართალი
700 _aჭანტურია, ლადო
_eრედაქტორი
_925850
942 _2udc
_cᲬᲘᲒᲜᲘ